[Event "Solingen op"]
[Site "Solingen"]
[Date "2000.10.06"]
[Round "3"]
[White "Schikowsky, Andreas"]
[Black "Bosbach, Jens"]
[Result "0-1"]
[WhiteElo "1977"]
[BlackElo "1861"]
[PlyCount "54"]
[EventDate "2000.09.08"]
[EventType "swiss"]
[EventRounds "7"]
[EventCountry "GER"]
[SourceTitle "EXT 2005"]
[Source "ChessBase"]
[SourceDate "2004.11.15"]
[SourceVersion "1"]
[SourceVersionDate "2004.11.15"]
[SourceQuality "1"]

1. e4 c6 2. c4 d5 3. exd5 cxd5 4. cxd5 Qxd5 5. Nc3 Qa5 6. d4 Nf6 7. Nf3 e6 8. Bd3 Be7 9. 0-0 Nc6 10. Ne4 Bd7 11. Bd2 Qb6 12. Bc3 Nd5 13. Ne5 Nxe5 14. dxe5 Bb5 15. Bd4 Qa6 16. Bxb5+ Qxb5 17. Rc1 0-0 18. Qh5 Nf4 19. Qg4 Ne2+ 20. Kh1 Nxc1 21. Rxc1 Rac8 22. Bc3 h6 23. Nf6+ Bxf6 24. exf6 g6 25. h4 Rc4 26. Qh3 Qc5 27. Rc2 Qh5 0-1